Countries That I've Visited - Statistics

General Stats
  • This quiz has been taken 375 times
  • The average score is 30 of 49
Answers on the Map
Answers color-coded by a green-red scale on the quiz's map according to % correct below.
 
Answer Stats
Answer % Correct
United States
93%
Canada
90%
United Kingdom
89%
France
88%
Mexico
87%
Spain
85%
Brazil
84%
Italy
84%
Russia
84%
China
83%
Germany
83%
Australia
81%
India
76%
Argentina
75%
Japan
75%
Portugal
75%
Chile
74%
Ireland
70%
Poland
70%
Peru
68%
Greece
66%
Belgium
63%
Netherlands
63%
Colombia
61%
Switzerland
61%
Austria
59%
South Korea
59%
Ukraine
58%
New Zealand
57%
Thailand
57%
Panama
53%
Ecuador
51%
Uruguay
50%
Costa Rica
46%
Vietnam
45%
El Salvador
43%
Honduras
43%
Nicaragua
42%
Belarus
40%
Guatemala
40%
Belize
38%
Latvia
35%
Cambodia
33%
Lithuania
33%
Singapore
33%
Taiwan
30%
Vatican City
30%
Czech Republic
29%
Monaco
24%
No matching quizzes found
Score Distribution
Percent of People with Each Score
Percentile by Number Answered
Your Score History
You have not taken this quiz